00430cam a22001217a 4500008004000000082002200040100002000062245012200082260006300204300001000267650001000277650002100287180718b2009 xxu||||| |||| 00| 0 eng d aAPPPA 2008-09/PAC aPackirisamy, V. aDocumentary film movement in India: the issue of compulsory theatrical exhibition - the road aheadcby V. Packirisamy aNew DelhibIndian Institute of Public Administrationc2009 a126p. aIndia aDocumentary film